Countries with the Most Summer Olympic Medals - Statistics

General Stats
  • This quiz has been taken 58 times
  • The average score is 26 of 30
Answer Stats
Rank Medals Country % Correct
8 497 Australia
98%
5 713 France
98%
3 1,681 Germany
98%
6 577 Italy
98%
2 1,865 Russia
98%
7 543 China
96%
1 2,520 United States
96%
4 847 Great Britain
94%
11 439 Japan
94%
15 285 Netherlands
93%
16 282 Poland
93%
25 148 Spain
93%
9 494 Sweden
93%
26 128 Brazil
91%
14 301 Canada
91%
28 117 Greece
91%
17 264 South Korea
87%
24 148 Belgium
85%
23 152 Norway
85%
12 306 Romania
85%
22 193 Switzerland
85%
21 194 Denmark
83%
10 491 Hungary
83%
27 124 Ukraine
81%
13 303 Finland
80%
20 197 Czech Republic
78%
19 214 Bulgaria
76%
29 117 New Zealand
76%
30 110 Serbia
70%
18 220 Cuba
63%
No matching quizzes found
Score Distribution
Percent of People with Each Score
Percentile by Number Answered
Your Score History
You have not taken this quiz